Pflanzen mit K - Statistiken

Allgemein
  • Dieses Quiz wurde 62 mal gespielt
  • Das Durchschnittsergebnis liegt bei 18 aus 36
Antwortstatistiken
Hinweis Antwort % Korrekt
mein kleiner grüner Kaktus
96%
Schoki Kakaobaum
88%
Gewürz, gibt's auch mit Kreuz Kümmel
84%
drei bis vier Blätter Klee
82%
Arabica und Robusta Kaffee
76%
Droge Kokastrauch
75%
gibt's zum Essen, zum Zieren und zum Aushöhlen Kürbis
75%
in Deutschland werden pro Kopf jährlich über 60 kg konsumiert Kartoffel
73%
kein Vogel Kiwi
73%
chinesisches Obst, keine Uniformfarbe Kaki
71%
Zehen Knoblauch
69%
Nuss, Öl, Fett Kokospalme
69%
Frühblüher Krokus
69%
genetisch bedingt schmeckt er für manche nach Seife Koriander
67%
Tee Kamille
65%
Zapfen Kiefer
65%
wächst sogar auf Watte und Papier Kresse
65%
gelb-oranges Pulver Kurkuma
65%
Süß und Sauer Kirsche
59%
Spaghetti alla puttanesca und Königsberger Klopse Kapernstrauch
53%
Falafel Kichererbse
47%
stachelige Hülle Kastanie
45%
Pfahlwurzel Karotte
39%
Lebkuchen und Curry Kardamom
35%
Sprossknolle Kohlrabi
33%
majestätisches Wachslicht Königskerze
31%
Blume am Ackerrand Kornblume
31%
eiförmige Zitrusfrucht Kumquat
25%
Gewürzkraut Kerbel
20%
Weinflasche Korkeiche
18%
grün, blättrig und gesund Kopfsalat
16%
imperiale Kopfzier Kaiserkrone
14%
ostasiatischer Strauch mit rosa-roten Blüten Kamelie
14%
der Name kommt vom indigenen Begriff für „weinendes Holz“ Kautschukbaum
14%
Blume des Jahres 2017 Klatschmohn
12%
Staude des Jahres 2012 Knöterich
2%
Keine übereinstimmenden Quizze gefunden
Verteilung der Resultate
Anzahl Personen mit jedem Resultat
Perzentil nach korrekt beantworteten Fragen
Ihre Resultats-Entwicklung
Sie haben dieses Quiz noch nicht gespielt